[Event "NOR-chT Codanserien 2017-18"]
[Site "Oslo"]
[Date "2018.01.14"]
[Round "6"]
[White "Nordquelle, Daniel"]
[Black "Moen, Andreas"]
[Result "1-0"]
[WhiteElo "2196"]
[BlackElo "2322"]
[Annotator "ChessBase"]
[PlyCount "111"]
[EventDate "2018.??.??"]
[EventType "team-tourn"]
[EventCountry "NOR"]
[SourceTitle "playchess.com"]
[Source "ChessBase"]
[SourceQuality "1"]
[TimeControl "40/5400+30:1800+30"]

1. e4 {[%emt 0:00:00]} e5 {[%emt 0:03:35]} 2. Nf3 {[%emt 0:00:00]} Nc6 {[%emt 0:00:05]} 3. Bc4 {[%emt 0:00:00]} Nf6 {[%emt 0:00:09]} 4. d3 {[%emt 0:00:00]} Bc5 {[%emt 0:06:59]} 5. O-O {[%emt 0:00:25]} O-O {[%emt 0:04:09]} 6. Bg5 {[%emt 0:03:15]} h6 {[%emt 0:04:31]} 7. Bh4 {[%emt 0:00:13]} Be7 {[%emt 0:09:42]} 8. Re1 {[%emt 0:01:17]} d6 {[%emt 0:01:15]} 9. Nbd2 {[%emt 0:01:24]} Na5 {[%emt 0:14:38]} 10. c3 {[%emt 0:34:21]} Nxc4 {[%emt 0:07:22]} 11. Nxc4 {[%emt 0:00:45]} Re8 {[%emt 0:05:10]} 12. d4 {[%emt 0:07:29]} Be6 {[%emt 0:07:26]} 13. Ncd2 {[%emt 0:02:28]} Nd7 {[%emt 0:06:00]} 14. Bg3 {[%emt 0:09:45]} Bf6 {[%emt 0:03:05]} 15. h3 {[%emt 0:04:59]} c6 {[%emt 0:00:12]} 16. Nf1 {[%emt 0:00:06]} Qc7 {[%emt 0:05:58]} 17. Ne3 {[%emt 0:05:40]} Nf8 {[%emt 0:00:09]} 18. d5 {[%emt 0:01:53]} Bd7 {[%emt 0:00:39]} 19. Qd2 {[%emt 0:05:29]} Rad8 {[%emt 0:00:53]} 20. Rad1 {[%emt 0:00:08]} Bc8 {[%emt 0:00:20]} 21. b3 {[%emt 0:07:20]} Ng6 {[%emt 0:01:21]} 22. c4 {[%emt 0:00:25]} h5 {[%emt 0:05:03]} 23. Qd3 {[%emt 0:05:20]} a6 {[%emt 0:04:25]} 24. a4 {[%emt 0:00:09]} h4 {[%emt 0:03:00]} 25. Bh2 {[%emt 0:00:02]} c5 {[%emt 0:01:31]} 26. Ng4 {[%emt 0:02:15]} Be7 {[%emt 0:00:52]} 27. Nd2 {[%emt 0:00:15]} Rf8 {[%emt 0:00:22]} 28. Ne3 {[%emt 0:00:08]} Bg5 {[%emt 0:00:23]} 29. Ndf1 {[%emt 0:00:44]} Nf4 {[%emt 0:00:53]} 30. Bxf4 {[%emt 0:01:01]} Bxf4 {[%emt 0:00:30]} 31. Nf5 {[%emt 0:03:36]} Bg5 {[%emt 0:00:18]} 32. Nh2 {[%emt 0:01:44]} g6 {[%emt 0:00:30]} 33. Nf3 {[%emt 0:01:02]} Bf6 {[%emt 0:03:22]} 34. Ne3 {[%emt 0:01:49]} Kg7 {[%emt 0:00:02]} 35. Kh2 {[%emt 0:00:59]} Rh8 {[%emt 0:00:05]} 36. Rg1 {[%emt 0:00:07]} Rdf8 {[%emt 0:00:14]} 37. g4 {[%emt 0:01:04]} hxg3+ {[%emt 0:01:02]} 38. Rxg3 {[%emt 0:00:01]} Rh5 {[%emt 0:00:35]} 39. Ng4 {[%emt 0:01:19]} Rfh8 {[%emt 0:00:13]} 40. Ng1 {[%emt 0:00:14]} Bg5 {[%emt 0:31:30]} 41. Ne2 {[%emt 0:04:14]} Kf8 {[%emt 0:00:00]} 42. Qf3 {[%emt 0:07:24]} Qe7 {[%emt 0:00:00]} 43. b4 {[%emt 0:03:04]} cxb4 {[%emt 0:00:00]} 44. c5 {[%emt 0:00:09]} dxc5 {[%emt 0:00:00]} 45. d6 {[%emt 0:06:05]} Qe6 {[%emt 0:00:00]} 46. Rd5 {[%emt 0:00:11]} Bd7 {[%emt 0:00:00]} 47. Kg2 {[%emt 0:04:58]} Bh4 {[%emt 0:00:00]} 48. Rxe5 {[%emt 0:02:07]} Rxe5 {[%emt 0:00:00]} 49. Nf4 {[%emt 0:00:05]} Qxd6 {[%emt 0:00:00]} 50. Nxe5 {[%emt 0:03:48]} Bxg3 {[%emt 0:00:31]} 51. Nfxg6+ {[%emt 0:02:17]} Ke8 {[%emt 0:00:44]} 52. Qxf7+ {[%emt 0:00:34]} Kd8 {[%emt 0:00:01]} 53. Nxd7 {[%emt 0:00:40]} Rh6 {[%emt 0:04:56]} 54. Nf6 {[%emt 0:00:42]} Be5 {[%emt 0:02:10]} 55. Qe8+ {[%emt 0:00:20]} Kc7 {[%emt 0:00:07]} 56. Nd5+ {[%emt 0:00:08]} 1-0

[Event "NOR-chT Codanserien 2017-18"]
[Site "Oslo"]
[Date "2018.01.14"]
[Round "6"]
[White "Kyrkjebo, Erlend"]
[Black "Holm, Kristian Stuvik"]
[Result "0-1"]
[WhiteElo "2145"]
[BlackElo "2436"]
[Annotator "TA"]
[PlyCount "60"]
[EventDate "2018.??.??"]
[EventType "team-tourn"]
[EventCountry "NOR"]
[SourceTitle "playchess.com"]
[Source "ChessBase"]
[SourceQuality "1"]

{[%evp 11,60,0,0,-7,0,-44,-37,-219,201,199,181,175,405,-55,-38,-35,-43,-36,-37,-74,-37,-267,-238,-338,-337,-546,-544,-757,-740,-949,-1013,-1006,-952,-1159,-1095,-29993,-1456,-2576,-2181,-1752,-1706,-29984,-29985,-29985,-29986,-29986,-29987,-29987,-1713,-29986,-5449]} 1. e4 c5 2. Nf3 e6 3. b3 b6 4. Bb2 Bb7 5. Qe2 Nc6 (5... Nf6 6. e5 Ng4 7. Nc3 Nc6 8. h3 Nh6 9. Ne4 Nf5 10. g3 d5 11. exd6 Bxd6 12. Bg2 O-O 13. O-O {1-0 (32) Shaposhnikov,E (2557)-Vitiugov,N (2721) Sochi 2016}) 6. g3 {B40: Sicilian: 2...e6, Unusual lines} d5 {LiveBook: 5 Games} 7. exd5 Qxd5 8. Nc3 $146 {The position is equal.} ({Predecessor:} 8. Bg2 Nd4 9. Bxd4 cxd4 10. Nh4 Qd7 11. Bxb7 Qxb7 12. Qb5+ Qd7 13. Qxd7+ Kxd7 {1-0 (89) Antipov,M (2464)-Macieja,B (2600) Legnica 2013}) 8... Qf5 {Hoping for ...Nd4.} 9. d3 $2 (9. Ne4 $15) 9... Ne5 $4 {[%mdl 8192]} (9... Nd4 $19 {and life is good for Black.} 10. Nxd4 cxd4) 10. Nxe5 $18 Bxh1 11. Nb5 Ke7 $2 (11... Rd8) 12. f3 $2 ({White has to play} 12. f4 $18) 12... f6 $1 $15 {[%cal Rf6e5]} 13. Bh3 (13. g4 Qf4 $17) 13... Qxh3 14. Qe4 $1 {[%cal Re4b7] White threatens Qb7+ and mate.} fxe5 15. Qxa8 Qh6 ({Much weaker is} 15... Qxh2 16. Qb7+ Kf6 17. Bxe5+ $1 {[%mdl 512]} Kxe5 18. Qb8+ Kf6 19. Qxf8+ Kg6 20. O-O-O $11) (15... Kf7 $5 {[%cal Rh3h6]} 16. O-O-O Qxh2 $17) 16. Bc1 $2 (16. Qb7+ $15 Ke8 17. Bxe5 Qe3+ 18. Kf1 Qxf3+ 19. Qxf3 Bxf3 20. Kf2) 16... Qh5 17. Qxa7+ (17. Nd6 $142) 17... Kf6 $19 18. f4 $2 (18. Be3 {is a better defense.} Qxf3 19. Kd2) 18... Qxh2 {White must now prevent ...Bf3.} 19. fxe5+ Kg6 {( -> ...Bf3)} 20. Qb8 Qxg3+ 21. Kd2 {[#]} Nf6 $1 {[%cal Bg8f6,Bf6d5,Bd5c3][%mdl 32] Strongly threatening ...Be7!} 22. Ba3 (22. exf6 Qxb8) 22... Bc6 23. Na7 Bd7 (23... Qf4+ $142 24. Ke1 Qe3+ 25. Kf1 Ng4 26. Qe8+ Bxe8 27. Bxc5 Bxc5 28. Kg2 Qf2+ 29. Kh3 Qf3+ 30. Kh4 Bf2#) 24. Re1 Qf4+ 25. Kd1 Nd5 {[%cal Rd5c3]} 26. c4 Nc3+ 27. Kc2 Qf2+ 28. Kxc3 Qxe1+ 29. Kc2 {[#]} h5 (29... Be7 $142 $1 {[%mdl 512]} 30. Qb7 Qe2+ 31. Kc3 Qxe5+ 32. Kd2 Bg5+ 33. Kd1 Qa1+ 34. Kc2 Rf8 35. Qe4+ Kh6 36. Qg2 Rf1 37. Qh3+ Kg6 38. Qxf1 Qxf1 39. b4 Ba4+ 40. Kc3 Qf6+ 41. d4 Qxd4#) 30. Qd8 {[#]} Qe2+ {Precision: White = 11%, Black = 49%.} (30... Bd6 $142 $1 31. Qxh8 (31. exd6 Rxd8) 31... Bxe5 32. Qf8 Qe2+ 33. Kc1 Bf6 34. Qxf6+ gxf6 35. Bb2 Qxd3 36. a4 Qxb3 37. a5 bxa5 38. Ba1 Qxc4+ 39. Kd2 Qa2+ 40. Kd3 Qxa1 41. Ke3 Qc3+ 42. Ke2 e5 43. Nc8 Bxc8 44. Kf2 Qd2+ 45. Kg3 Bg4 46. Kh4 Qh2#) 0-1

[Event "NOR-chT Codanserien 2017-18"]
[Site "Oslo"]
[Date "2018.01.14"]
[Round "6"]
[White "Brasoy, Aksel"]
[Black "Mihajlov, Svetoslav"]
[Result "0-1"]
[WhiteElo "1937"]
[BlackElo "2178"]
[Annotator "ChessBase"]
[PlyCount "82"]
[EventDate "2018.??.??"]
[EventType "team-tourn"]
[EventCountry "NOR"]
[SourceTitle "playchess.com"]
[Source "ChessBase"]
[SourceQuality "1"]
[TimeControl "40/5400+30:1800+30"]

1. d4 {[%emt 0:00:00]} Nf6 {[%emt 0:00:11]} 2. c4 {[%emt 0:00:06]} d6 {[%emt 0:00:10]} 3. Nc3 {[%emt 0:01:33]} Bf5 {[%emt 0:00:09]} 4. Nf3 {[%emt 0:03:15]} g6 {[%emt 0:00:11]} 5. g3 {[%emt 0:01:26]} Ne4 {[%emt 0:00:13]} 6. Bd2 {[%emt 0:04:46]} Nxd2 {[%emt 0:02:03]} 7. Qxd2 {[%emt 0:09:30]} Bg7 {[%emt 0:00:09]} 8. Bg2 {[%emt 0:01:45]} Nc6 {[%emt 0:00:31]} 9. d5 {[%emt 0:03:08]} Na5 {[%emt 0:05:35]} 10. b3 {[%emt 0:01:44]} c5 {[%emt 0:00:12]} 11. Rc1 {[%emt 0:05:50]} O-O {[%emt 0:00:34]} 12. O-O {[%emt 0:00:37]} a6 {[%emt 0:00:21]} 13. Rfe1 {[%emt 0:07:00]} Bd7 {[%emt 0:22:15]} 14. Qd3 {[%emt 0:14:20]} Rb8 {[%emt 0:01:05]} 15. e4 {[%emt 0:00:19]} b5 {[%emt 0:01:51]} 16. e5 {[%emt 0:01:18]} bxc4 {[%emt 0:00:13]} 17. bxc4 {[%emt 0:00:16]} Bf5 {[%emt 0:08:29]} 18. Ne4 {[%emt 0:02:50]} dxe5 {[%emt 0:00:42]} 19. Qa3 {[%emt 0:01:47]} Bxe4 {[%emt 0:06:17]} 20. Rxe4 {[%emt 0:00:12]} Rb4 {[%emt 0:05:25]} 21. Bf1 {[%emt 0:03:50]} Qc7 {[%emt 0:09:43]} 22. Rce1 {[%emt 0:07:31]} f6 {[%emt 0:00:13]} 23. Qc1 {[%emt 0:06:22]} Nb7 {[%emt 0:00:40]} 24. Rh4 {[%emt 0:02:50]} Nd6 {[%emt 0:01:07]} 25. g4 {[%emt 0:03:11]} e4 {[%emt 0:02:41]} 26. Nd2 {[%emt 0:00:25]} f5 {[%emt 0:00:07]} 27. gxf5 {[%emt 0:01:23]} gxf5 {[%emt 0:00:09]} 28. Qd1 {[%emt 0:03:18]} Rf6 {[%emt 0:01:49]} 29. f3 {[%emt 0:01:24]} Rg6+ {[%emt 0:00:07]} 30. Kh1 {[%emt 0:00:10]} e3 {[%emt 0:02:30]} 31. Nb3 {[%emt 0:01:25]} Bh6 {[%emt 0:03:51]} 32. Bd3 {[%emt 0:01:58]} a5 {[%emt 0:08:20]} 33. Rg1 {[%emt 0:01:25]} Bg7 {[%emt 0:00:18]} 34. Rxg6 {[%emt 0:02:36]} hxg6 {[%emt 0:00:01]} 35. Qg1 {[%emt 0:01:09]} a4 {[%emt 0:01:21]} 36. Nc1 {[%emt 0:00:46]} Kf7 {[%emt 0:02:41]} 37. Qxe3 {[%emt 0:00:32]} Qd7 {[%emt 0:00:34]} 38. Qxc5 {[%emt 0:02:07]} Rb2 {[%emt 0:00:18]} 39. Qe3 {[%emt 0:01:00]} Nb7 {[%emt 0:02:30]} 40. Rh7 {[%emt 0:01:27]} Qd6 {[%emt 0:30:16]} 41. Qd4 {[%emt 0:26:43]} Rxh2+ {[%emt 0:00:00] Qe3 Rb2} 0-1